000 00433nam a2200169 a 4500
001 0000-9008
003 ELIB.Books
008 110520 1952
035 _a(ELIB.Books)0000-9157
082 _a268
_bHon
100 _aHong, Edna
245 _aTurn Over Any Stone
260 _bWheaton: Tyndale House Publishers, Inc.
_c1952
650 _aChristian Education
942 _2ddc
_cBK
998 _cbat
_e2011-05-20
999 _c9008
_d9008